Le nom des vents les plus connus dans le monde - Statistiques

Statistiques générales
  • Ce quiz a été pris 130 fois
  • Le résultat moyen est 4 sur 23
Statistiques - réponses
Vents % Correct
mistral
86%
tramontane
64%
sirocco
49%
bise
41%
brise
33%
blizzard
28%
ouragan
24%
zéphyr
21%
tornade
19%
autan
16%
cyclone
14%
typhon
14%
alizés
11%
simoun
8%
mousson
5%
rafale
5%
bourrasque
4%
hurricane
2%
tourbillon
2%
étésien
1%
grain
1%
nordet
1%
risée
1%
Aucun quiz correspondant
Distribution des résultats
% des personnes avec chaque résultat
Percentile par nombre de réponses
Votre historique - résultats
Vous n’avez pas pris ce quiz